Einflusslinien fur Flächengründungen / (Rekord nr 18339)
| 000 -ETYKIETA REKORDU | |
|---|---|
| podpole kontrolne o stałej długości | 00479nam a2200181 i 4500 |
| 001 - NUMER KONTROLNY REKORDU | |
| pole kontrolne | bg |
| 020 ## - MIĘDZYNARODOWY ZNORMALIZOWANY NUMER KSIĄŻKI - ISBN | |
| ISBN | 3433008299 |
| 040 ## - ŹRÓDŁO KATALOGOWANIA | |
| Instytucja, która utworzyła rekord | BPK |
| 041 ## - KOD JĘZYKA | |
| Kod języka tekstu | pol |
| 080 ## - UNIWERSALNA KLASYFIKACJA DZIESIĘTNA - UKD | |
| UKD | 624.1 |
| 920 ## - Międzynarodowy znormalizowany numer książki – ISBN | |
| ISBN | 3-433-00829-9 |
| 008 - POLE O STAŁEJ DŁUGOŚCI - DANE KONTROLNE | |
| podpole kontrolne o stałej długości | s pl f |000 0 pol |
| 100 1# - NAZWA OSOBOWA | |
| Nazwa osobowa | GRASSHOFF, Heinz |
| 245 #0 - TYTUŁ/ODPOWIEDZIALNOŚĆ | |
| Tytuł | Einflusslinien fur Flächengründungen / |
| Pozostałe elementy strefy tytułu i oznaczenia odpowiedzialności | von Heinz Grasshoff. |
| 260 ## - STREFA ADRESU WYDAWNICZEGO | |
| Miejsce wydania | Berlin : |
| Nazwa wydawcy/dystrybutora | Wilhelm Ernst & Sohn, |
| Data publikacji, dystrybucji/powstania dokumentu | 1978. |
| 300 ## - STREFA OPISU FIZYCZNEGO | |
| Objętość | IX, 299 s. : |
| Inne cechy fizyczne | rys., tab. ; |
| Rozmiary | 24 cm. |
| 856 ## - LOKALIZACJA I DOSTĘP DO ELEKTRONICZNYCH DOKUMENTÓW ZDALNYCH | |
| Link (URL) | http://koha.tu.koszalin.pl/cgi-bin/koha/opac-detail.pl?biblionumber=18339 |
| Tekst linku | Katalog online BPK |
| 942 ## - DODATKOWE ELEMENTY (KOHA) | |
| Typ dokumentu | Książka |
| Wycofany | Status egzemplarza | Uszkodzony | Dostępność | Lokalizacja stała | Lokalizacja bieżąca | Miejsce przechowywania | Sygnatura | Kod kreskowy | Typ dokumentu |
|---|---|---|---|---|---|---|---|---|---|
| Dostępny | Biblioteka Politechniki Koszalińskiej | Biblioteka Politechniki Koszalińskiej | Wypożyczalnia BG | 25594 | 02031590 | Książka |
